书目信息 |
| 题名: |
戴名世集
|
|
| 作者: | 戴名世 撰 ;王树民 编校 | |
| 分册: | 下 | |
| 出版信息: | 北京 中华书局 2019 |
|
| 页数: | 2册(11,744页) | |
| 开本: | 21cm | |
| 丛书名: | 中国古典文学基本丛书 | |
| 单 册: | ||
| 中图分类: | I214.92 | |
| 科图分类: | ||
| 主题词: | 中国文学--zhong guo wen xue--古典文学--作品集--清代 | |
| 电子资源: | ||
| ISBN: | 978-7-101-13871-9 | |
| 000 | 01839oam2 2200277 450 | |
| 001 | 2131062784 | |
| 005 | 20211031090331.29 | |
| 010 | @a978-7-101-13871-9@dCNY49.00(全2册98.00) | |
| 100 | @a20190910d2019 em y0chiy0120 ea | |
| 101 | 0 | @achi |
| 102 | @aCN@b110000 | |
| 105 | @ay z 000zy | |
| 106 | @ar | |
| 200 | 1 | @a戴名世集@Adai ming shi ji@h下@f王树民编校 |
| 210 | @a北京@c中华书局@d2019 | |
| 215 | @a2册(11,744页)@d21cm | |
| 225 | 2 | @a中国古典文学基本丛书@Azhong guo gu dian wen xue ji ben cong shu |
| 314 | @a版权页题:(清)戴名世撰 | |
| 330 | @a戴名世,字田有,一字褐夫,江南桐城人。晚年置宅于县之南山,又著忧庵记以述怀,世人遂尊称之为南山先生或忧庵先生。五十岁以后方应科举,五十三岁得中举人,五十七岁得中进士,授职为翰林院编修。二年后即发生南山集案,又二年伏刑而死,其书板亦遭毁禁。然世人之同情,因其枉死而益重,以宋潜虚之假名保存其文稿,其乡里后学尤多致力,故于长期专制之淫威下,其著作依然得以流传不絶。戴氏之主要成就在文学方面。清代主要古文流派盛称桐城派,世人以方苞、姚鼐为其主将。戴氏年长于望溪,与之同执文坛牛耳,后因南山集案发,导致身败名裂,书亦遭毁禁,然其在文学方面之影响,则久而弥固,故以戴氏为桐城派之先驱,决非过分之言。戴名世为清初文字狱之牺牲者,在专制淫威压力下,其遗文竟流传二百余年而不绝,桐城派得享盛名,戴氏实与有力焉,其历史地位自应肯定。爬梳整理禁毁书,为古籍整理尤难之事,王树民先生在1986年出版的《戴名世集》,是戴氏文献整理的集大成之作,今为重作校排。1999年,复有《戴名世遗文集》面世,增补遗文,今附于后。故而本次出版的《戴名世集》,堪称迄今为止戴氏文献的至全之作。 | |
| 461 | 0 | @12001 @a中国古典文学基本丛书 |
| 606 | 0 | @a中国文学@Azhong guo wen xue@x古典文学@x作品集@z清代 |
| 690 | @aI214.92@v5 | |
| 701 | 0 | @c(清)@a戴名世@Adai ming shi@f(1653~1713)@4撰 |
| 702 | 0 | @a王树民@Awang shu min@f(1911.11~2004.1)@4编校 |
| 801 | 0 | @aCN@b百万庄@c20211029 |
| 905 | @b1313719-722@dI214.92@e1122:2@f4 | |
| 戴名世集.下/王树民编校.-北京:中华书局,2019 |
| 2册(11,744页);21cm.-(中国古典文学基本丛书) |
| ISBN 978-7-101-13871-9:CNY49.00(全2册98.00) |
| 戴名世,字田有,一字褐夫,江南桐城人。晚年置宅于县之南山,又著忧庵记以述怀,世人遂尊称之为南山先生或忧庵先生。五十岁以后方应科举,五十三岁得中举人,五十七岁得中进士,授职为翰林院编修。二年后即发生南山集案,又二年伏刑而死,其书板亦遭毁禁。然世人之同情,因其枉死而益重,以宋潜虚之假名保存其文稿,其乡里后学尤多致力,故于长期专制之淫威下,其著作依然得以流传不絶。戴氏之主要成就在文学方面。清代主要古文流派盛称桐城派,世人以方苞、姚鼐为其主将。戴氏年长于望溪,与之同执文坛牛耳,后因南山集案发,导致身败名裂,书亦遭毁禁,然其在文学方面之影响,则久而弥固,故以戴氏为桐城派之先驱,决非过分之言。戴名世为清初文字狱之牺牲者,在专制淫威压力下,其遗文竟流传二百余年而不绝,桐城派得享盛名,戴氏实与有力焉,其历史地位自应肯定。爬梳整理禁毁书,为古籍整理尤难之事,王树民先生在1986年出版的《戴名世集》,是戴氏文献整理的集大成之作,今为重作校排。1999年,复有《戴名世遗文集》面世,增补遗文,今附于后。故而本次出版的《戴名世集》,堪称迄今为止戴氏文献的至全之作。 |
| ● |
| 相关链接 |
|
|
|
|
正题名:戴名世集
索取号:I214.92/1122:2
 
预约/预借
| 序号 | 登录号 | 条形码 | 馆藏地/架位号 | 状态 | 备注 |
| 1 | 1313719 | 213137194 | 第一样本阅览室/ [索取号:I214.92/1122:2] | 在馆 | |
| 2 | 1313720 | 213137201 | 第二借阅区/ [索取号:I214.92/1122:2] | 在馆 | |
| 3 | 1313721 | 213137210 | 第二借阅区/ [索取号:I214.92/1122:2] | 在馆 | |
| 4 | 1313722 | 213137229 | 第二借阅区/ [索取号:I214.92/1122:2] | 在馆 |